U.S. Suburbs Quiz #3 - Statistics

General Stats
  • This quiz has been taken 273 times
  • The average score is 3 of 10
Answer Stats
Hint Answer % Correct
Sparks, Incline Village Reno
73%
Ankeny, Urbandale Des Moines
47%
Benton, Jacksonville Little Rock
40%
Clovis, Sanger Fresno
39%
East Aurora, West Seneca Buffalo
36%
Irvine, Tustin Santa Ana
32%
Keystone, Custer Rapid City
23%
Fountain, Black Forest Colorado Springs
20%
Hurricane, Washington St. George
18%
Maize, Eastborough Wichita
14%
No matching quizzes found
Score Distribution
Percent of People with Each Score
Percentile by Number Answered
Your Score History
You have not taken this quiz